| 000 | 00531nam a2200121Ia 4500 | ||
|---|---|---|---|
| 008 | 171212s9999 xx 000 0 und d | ||
| 020 | _a9780833078599 | ||
| 100 | _aMeadows, Sarah O.;Miller, Laura L.;Miles, Jeremy N. V. | ||
| 245 |
_cMeadows, Sarah O.;Miller, Laura L.;Miles, Jeremy N. V. _aThe Association Between Base-Area Social and Economic Characteristics and Airmen's Outcomes |
||
| 260 |
_bRAND Corporation _c2014 |
||
| 650 | _aManagement & Organizational Behavior | ||
| 856 | _uhttp://www.jstor.org/stable/10.7249/j.ctt5vjw2c | ||
| 999 |
_c352616 _d352616 |
||